000 00531nam a2200193 i 4500
001 61154
003 ES-MaACL
005 20230906164401.0
007 t|
008 031110s1958 sp ||||1| baq d
100 1 _aEtxaidetaiak, Jon.
_948301
245 1 0 _aAmasei seme Euskalerril'ro /
_cJon Etxaidetaiak.
260 _aZarautz :
_bItxaropena Argitaldaria,
_c1958.
300 _a175 p. ;
_c19 cm.
490 1 _aKuliska sorta
830 0 _aKuliska sorta
_9182694
852 _aES-MaACL
_jC-18027
_bR.42155
999 _c61154
_d61154